000 00608nam a2200217Ia 4500
005 20241129104325.0
008 241129s9999||||xx |||||||||||||| ||und||
020 _a9789351711902
037 _aTextual
040 _aRTL
_beng
_cRTL
041 _aeng
_2eng
084 _aU216 R1
_qRTL
100 _aMisra Neera
_9725763
245 0 _aGanga: The river of 'Sanatana' civilization
_cMisra Neera
260 _aNew Delhi
_bResearch India Press
_c2021
300 _axiv,399p.
365 _aINR
_b6500
650 _aRiver Studies
_9725764
942 _cTB
_hU216 R1
999 _c1225396
_d1225396